Départements de Nouvelle Aquitaine - Statistiques

Statistiques générales
  • Ce quiz a été pris 600 fois
  • Le résultat moyen est 10 sur 12
Statistiques - réponses
Réponse % Correct
33 Gironde
92%
16 Charente
90%
17 Charente-Maritime
89%
40 Landes
86%
23 Creuse
82%
64 Pyrénées-Atlantiques
82%
19 Corrèze
81%
24 Dordogne
81%
87 Haute-Vienne
79%
86 Vienne
79%
47 Lot-et-Garonne
76%
79 Deux-Sèvres
74%
Aucun quiz correspondant
Distribution des résultats
% des personnes avec chaque résultat
Percentile par nombre de réponses
Votre historique - résultats
Vous n’avez pas pris ce quiz